000 00525nam a22001577a 4500
003 NUST
038 _aNusrat Nadeem
082 _a200
100 _aRAJA, SAMEER INAYAT
_9131565
245 _aINTERNATIONAL STUDY TRIP UNIVERSITY OF ALTINBAS & TURKISH AEROSPACE INDUSTRIES, TURKEY/
_cSAMEER INAYAT RAJA,
264 _aIslamabad:
_bNBS NUST.
_c2025.
650 _aExecutive MBA 
_9125080
700 _aSupervisor: Dr Fareesa Malik
_9114385
856 _uhttp://10.250.8.41:8080/xmlui/handle/123456789/55869
942 _2ddc
_cSC
999 _c615229
_d615229